| 000 | 00568nam a22001937a 4500 | ||
|---|---|---|---|
| 999 |
_c9036 _d9036 |
||
| 003 | AR-CdUCM | ||
| 008 | 190327b ||||| |||| 00| 0 spa d | ||
| 040 |
_aMUNICIPALIDAD PROVINCIAL DEL CUSCO _cBIBLIOTECA MUNICIPAL DEL CUSCO |
||
| 082 |
_a869.56 / _bC93 |
||
| 100 |
_aCuentas, Alberto _924993 |
||
| 245 | _aPoemas del Ande / | ||
| 260 |
_aPerú : _bSud- America , _c1947. |
||
| 300 |
_a91 páginas ; _c26.2 cm. |
||
| 650 |
_aPoesia Puneña _917905 |
||
| 650 |
_aPoesia Peruana _9280 |
||
| 650 |
_aPoesia Latinoamericana _92147 |
||
| 942 |
_2ddc _cLIBROS |
||
| 945 | _artm | ||